| 000 | 00885nas a2200289 4500 | ||
|---|---|---|---|
| 001 | BR0205535 | ||
| 003 | BR-BrBNA | ||
| 005 | 20231205103354.0 | ||
| 007 | ta | ||
| 008 | 230509b bl.|||p| |||| 00| 00por d | ||
| 040 |
_aBR-BrBNA _bpor _cBiblioteca Nacional de Agricultura |
||
| 041 | _a(Pt) | ||
| 072 | _aF02; Q04 | ||
| 100 | 1 | _aSantos, J.Z. dos | |
| 100 | 1 | _aTubelis, A. | |
| 245 | 1 | _aVariação estacional das características sensoriais da tangerina-'Poncã' em Brasília, DF | |
| 650 | _aTANGERINA | ||
| 650 | _aPONKAN | ||
| 650 | _aLIMÃO | ||
| 650 | _aPORTA ENXERTO | ||
| 650 | _aPROPRIEDADE ORGANOLÉPTICA | ||
| 650 | _aVARIAÇÃO SAZONAL | ||
| 650 | _aDISTRITO FEDERAL | ||
| 773 | 0 |
_tRevista Brasileira de Fruticultura (Brazil) _xISSN 0100-2945 _g(Aug 2002), v. 24(2) p. 481-485 _wBR0205535 |
|
| 909 |
_a202311 _bLúcia _c55 _dLúcia Elande |
||
| 942 |
_2AGRIS _n0 _cANA |
||
| 999 |
_c172510 _d172510 |
||